00454nam a22001457a 4500008004100000020001800041040005500059080002900114245003400143260004700177300001400224650001600238653002400254700003000278230503b |||||||| |||| 00| 0 eng d a81-224-0627-0 aNational Science LibrarycNational Science Library a681.7.069.24(082.2) bN4 aNovel Applications of lasers  aNew Delhi: bWiley Eastern Limited, c1994 av, 175p.  aIndustries  aNonlinear dynamics  aBohidar, Himadri B (Ed.)